Creative community building through cross-sector collaboration : a European mapping and consultation initiative
Αποθηκεύτηκε σε:
| Συγγραφή απο Οργανισμό/Αρχή: | |
|---|---|
| Μορφή: | Βιβλίο |
| Γλώσσα: | English |
| Δημοσίευση: |
London :
Centre for Creative Communities,
2004
|
| Θέματα: | |
| Ετικέτες: |
Προσθήκη ετικέτας
Δεν υπάρχουν, Καταχωρήστε ετικέτα πρώτοι!
|
MARC
| LEADER | 00000cam a2200000 i 4500 | ||
|---|---|---|---|
| 001 | 1/31656 | ||
| 008 | 060628s2004 eng d | ||
| 020 | |a 960-8063-91-4 | ||
| 035 | |l 10084466 | ||
| 040 | |a GR-MY-UA |b gre |e aacr | ||
| 041 | 0 | |a eng | |
| 082 | 0 | |a 307.14 |2 (22) | |
| 110 | 2 | |a Centre for Creative Communities. | |
| 245 | 1 | 0 | |a Creative community building through cross-sector collaboration : |b a European mapping and consultation initiative / |c Centre for Creative Communities |
| 260 | |a London : |b Centre for Creative Communities, |c 2004 | ||
| 300 | |a 159 σ.; |c 21 εκ. | ||
| 500 | |a Sponsored by Hellenic Ministry of Education and Religious Affairs, Greece, The MELINA Project, Greece, European Cultural Foundation, The Netherlands | ||
| 504 | |a Περιέχει βιβλιογραφικές αναφορές | ||
| 650 | 0 | 0 | |a Community development. |
| 852 | |a INST |b LESVOS |e 20060628 |h 307.14 CEN |p 005100037517 |q 005100037517 |t BK |y 0 | ||
| 901 | |a BIBL1-2006-2 | ||
| 909 | |a Λ |b 128674 | ||
| 970 | |a ΚΑΜΑΤΣΟΥ |b ΔΕΣΠΟΙΝΑ |z 2006/06/28 | ||